|
|
|
|
| LEADER |
04558nam a2200769 4500 |
| 001 |
ocn766429673 |
| 003 |
OCoLC |
| 005 |
20170124072020.6 |
| 006 |
m o d |
| 007 |
cr |n||||||||| |
| 008 |
111121s2011 enka ob 001 0 eng d |
| 040 |
|
|
|a YDXCP
|b eng
|e pn
|c YDXCP
|d E7B
|d CDX
|d EBLCP
|d OCLCQ
|d N$T
|d OCLCF
|d OCLCQ
|d NLGGC
|d UIU
|d DG1
|d OCLCQ
|d COO
|d OCLCQ
|d LOA
|d OCLCQ
|d OCLCO
|d OCLCA
|d GrThAP
|
| 019 |
|
|
|a 711782132
|a 716211199
|a 960205036
|a 961519872
|a 962641912
|
| 020 |
|
|
|a 0470974621
|q (electronic bk.)
|
| 020 |
|
|
|a 9780470974629
|q (electronic bk.)
|
| 020 |
|
|
|a 9780470974612
|q (electronic bk.)
|
| 020 |
|
|
|a 0470974613
|q (electronic bk.)
|
| 020 |
|
|
|z 9780470747827
|q (pbk.)
|
| 020 |
|
|
|z 047074782X
|q (pbk.)
|
| 029 |
1 |
|
|a AU@
|b 000047158787
|
| 029 |
1 |
|
|a AU@
|b 000053277229
|
| 029 |
1 |
|
|a DKDLA
|b 820120-katalog:000556161
|
| 029 |
1 |
|
|a GBVCP
|b 790033305
|
| 029 |
1 |
|
|a HEBIS
|b 299832163
|
| 029 |
1 |
|
|a NZ1
|b 14257119
|
| 029 |
1 |
|
|a NZ1
|b 15412285
|
| 029 |
1 |
|
|a NZ1
|b 15900814
|
| 035 |
|
|
|a (OCoLC)766429673
|z (OCoLC)711782132
|z (OCoLC)716211199
|z (OCoLC)960205036
|z (OCoLC)961519872
|z (OCoLC)962641912
|
| 037 |
|
|
|a 10.1002/9780470974612
|b Wiley InterScience
|n http://www3.interscience.wiley.com
|
| 050 |
|
4 |
|a RC386.6.E43
|b S73 2011
|
| 060 |
|
4 |
|a 2011 E-246
|
| 060 |
|
4 |
|a WL 150
|
| 072 |
|
7 |
|a HEA
|x 039110
|2 bisacsh
|
| 072 |
|
7 |
|a MED
|x 056000
|2 bisacsh
|
| 082 |
0 |
4 |
|a 616.8/047547
|2 22
|
| 084 |
|
|
|a MED105000
|2 bisacsh
|
| 049 |
|
|
|a MAIN
|
| 245 |
0 |
0 |
|a Standard electroencephalography in clinical psychiatry :
|b a practical handbook /
|c edited by Nash Boutros [and others].
|
| 264 |
|
1 |
|a Chichester, West Sussex ;
|a Hoboken, NJ :
|b Wiley-Blackwell,
|c 2011.
|
| 300 |
|
|
|a 1 online resource (xiii, 184 pages) :
|b illustrations.
|
| 336 |
|
|
|a text
|b txt
|2 rdacontent
|
| 337 |
|
|
|a computer
|b c
|2 rdamedia
|
| 338 |
|
|
|a online resource
|b cr
|2 rdacarrier
|
| 490 |
1 |
|
|a Wiley practical handbooks for psychiatry series
|
| 504 |
|
|
|a Includes bibliographical references and index.
|
| 520 |
|
|
|a "This book provides a concise overview of the possible clinical applications of standard EEG in clinical psychiatry. It starts with a short history then describes the physiologic basis of the EEG signal. The material is clearly presented throughout, with figures, tables with summaries of relevant findings, flow diagrams for diagnostic work-up, boxes with learning points, and short lists of key references"--
|c Provided by publisher.
|
| 520 |
|
|
|a "This book provides a concise overview of the possible clinical applications of standard EEG in clinical psychiatry"--
|c Provided by publisher.
|
| 505 |
0 |
|
|a Front Matter -- Historical Review of Electroencephalography in Psychiatry / Nash Boutros -- Physiologic Basis of the EEG Signal / Paola Bucci, Silvana Galderisi -- EEG Recording and Analysis / Oliver Pogarell -- Normal EEG Patterns and Waveforms / Paola Bucci, Armida Mucci, Silvana Galderisi -- Abnormal Patterns / Oliver Pogarell -- The Role of EEG in the Diagnostic Work up in Psychiatry: Nonconvulsive Status Epilepticus, Frontal Lobe Seizures, Non-Epileptic Seizures / Silvana Riggio -- EEG in Childhood Psychiatric Disorders / Mary W Roberts, Nash Boutros -- EEG in Psychoses, Mood Disorders and Catatonia / Nash Boutros, Silvana Galderisi, Oliver Pogarell, Felix Segmiller -- Standard EEG in Personality and Anxiety Disorders / Nash Boutros -- EEG in Delirium and Dementia / Sophia Wang, Silvana Riggio -- Effects of Psychotropic Drugs on EEG / Silvana Galderisi, Armida Mucci -- Certification and Training in EEG and Clinical Neurophysiology / Nash Boutros, Silvana Galderisi -- Index.
|
| 650 |
|
0 |
|a Electroencephalography.
|
| 650 |
|
0 |
|a Psychiatry.
|
| 650 |
|
0 |
|a Mental illness
|x Diagnosis.
|
| 650 |
|
2 |
|a Electroencephalography
|x methods.
|
| 650 |
|
2 |
|a Electroencephalography
|x psychology.
|
| 650 |
|
2 |
|a Mental Disorders
|x diagnosis.
|
| 650 |
|
2 |
|a Psychiatry.
|
| 650 |
|
7 |
|a MEDICAL
|x Psychiatry
|x General.
|2 bisacsh
|
| 650 |
|
7 |
|a HEALTH & FITNESS
|x Diseases
|x Nervous System (incl. Brain)
|2 bisacsh
|
| 650 |
|
7 |
|a MEDICAL
|x Neurology.
|2 bisacsh
|
| 650 |
|
7 |
|a Electroencephalography.
|2 fast
|0 (OCoLC)fst00906445
|
| 650 |
|
7 |
|a Mental illness
|x Diagnosis.
|2 fast
|0 (OCoLC)fst01016561
|
| 650 |
|
7 |
|a Psychiatry.
|2 fast
|0 (OCoLC)fst01081152
|
| 655 |
|
4 |
|a Electronic books.
|
| 700 |
1 |
|
|a Boutros, Nashaat N.
|
| 776 |
0 |
8 |
|i Print version:
|z 9780470747827
|z 047074782X
|w (DLC) 2010047247
|
| 830 |
|
0 |
|a Wiley practical handbooks for psychiatry series.
|
| 856 |
4 |
0 |
|u https://doi.org/10.1002/9780470974612
|z Full Text via HEAL-Link
|
| 994 |
|
|
|a 92
|b DG1
|